| 000 | 00698nam a22001577a 4500 | ||
|---|---|---|---|
| 003 | OSt | ||
| 005 | 20160106154122.0 | ||
| 008 | 160106b xxu||||| |||| 00| 0 eng d | ||
| 040 | _cRUA | ||
| 082 | _aLMA KHU 2011 B310 Or.1 | ||
| 100 |
_96155 _aKHUT, SOKEA. |
||
| 245 | _aStudy on procedure of forestry boundary adjustment after systematic land registration, សិក្សាលើដំណើរការកែសម្រួលព្រំប្រទល់ដីព្រៃបន្ទាប់ពីមានការចុះបញ្ជីមានលក្ខណៈជាប្រព័ន្ធ | ||
| 260 |
_aPhnom Penh _bRUA _c2011 |
||
| 300 |
_axiii; 46p. _bill. _c29cm. |
||
| 942 |
_2ddc _cLMA |
||
| 999 |
_c5731 _d5731 |
||